00744nam a22002417a 450000500170000000800410001702000180005804000210007604100080009708200130010524501250011825000120024326000330025530000100028865000270029865000210032565000240034670000260037070000270039670000270042370000240045070000280047420240920064919.0240920b |||||||| |||| 00| 0 eng d a9789358497984 aIN-DiNCcIN-DiNC dasm a320bUCH aUchchatar madhyamik rajniti bigyan:brajnaitik tattwa aru bharatiya sangbidhanar karya (XI)/cby Mridul Dutta and others a1st ed. aDibrugarh:bBanalata,c2024. a326p. aPolitical science (XI) aPolitical theory aIndian constitution aDutta, Mriduleauthor aBorah, Debojiteauthor aBhuyan, Dhireneauthor aKoiri, Jitueauthor aMohan, Trinoyoneauthor